[Event "Fagernes op"]
[Site "Fagernes"]
[Date "2024.03.28"]
[Round "6"]
[White "Prraneeth, Vuppala"]
[Black "Daakshin, Arun"]
[Result "1/2-1/2"]
[WhiteElo "2506"]
[BlackElo "2283"]
[PlyCount "108"]
[EventDate "2024.03.24"]
[EventType "swiss"]
[EventRounds "9"]
[EventCountry "NOR"]
[SourceTitle "CB14_2024"]
[SourceDate "2024.04.01"]
[SourceVersion "1"]
[SourceVersionDate "2024.04.01"]
[SourceQuality "1"]

1. d4 Nf6 2. c4 g6 3. g3 Bg7 4. Bg2 0-0 5. Nc3 d6 6. Nf3 c5 7. 0-0 Nc6 8. d5 Na5 9. Nd2 e6 10. Rb1 exd5 11. cxd5 Bd7 12. Nde4 Ne8 13. Qd3 c4 14. Qe3 Qe7 15. Bd2 b6 16. Rfc1 Rc8 17. Nd1 Bf5 18. Ra1 Nb7 19. Bc3 Bxe4 20. Qxe4 Qxe4 21. Bxe4 Bxc3 22. Nxc3 Nf6 23. Bf3 a6 24. b4 cxb3 25. axb3 Nc5 26. Rcb1 Rfe8 27. b4 Nce4 28. Nxe4 Nxe4 29. Rb2 Ra8 30. h4 a5 31. Ra3 a4 32. e3 b5 33. Rc2 f5 34. Be2 Rab8 35. Rc6 Red8 36. Kg2 Nf6 37. Rd3 Kf7 38. Rd1 Ke7 39. Ra6 Rdc8 40. Ra7+ Kf8 41. h5 Ra8 42. Rb7 Rab8 43. Rc1 Rxb7 44. Rxc8+ Kg7 45. Ra8 Rb6 46. Ra5 Nxd5 47. Bxb5 Nxb4 48. Bc4 d5 49. Be2 Nc2 50. Rxa4 Rb2 51. Ra7+ Kh6 52. Re7 Rb1 53. f4 Rb2 54. hxg6 hxg6 1/2-1/2

[Event "Reykjavik op"]
[Site "Reykjavik"]
[Date "2024.03.21"]
[Round "9"]
[White "Garifullina, Leya"]
[Black "Prraneeth, Vuppala"]
[Result "1/2-1/2"]
[WhiteElo "2413"]
[BlackElo "2506"]
[PlyCount "65"]
[EventDate "2024.03.15"]
[EventType "swiss"]
[EventRounds "9"]
[EventCountry "ISL"]
[SourceTitle "CB13_2024"]
[SourceDate "2024.03.27"]
[SourceVersion "1"]
[SourceVersionDate "2024.03.27"]
[SourceQuality "1"]

1. e4 c5 2. Nf3 d6 3. d4 cxd4 4. Nxd4 Nf6 5. Nc3 a6 6. Be3 e5 7. Nb3 Be7 8. f3 Be6 9. Qd2 h5 10. Nd5 Nxd5 11. exd5 Bf5 12. Be2 a5 13. a4 Nd7 14. 0-0 0-0 15. f4 exf4 16. Bxf4 Rc8 17. c3 Nf6 18. Nd4 Be4 19. c4 Bg6 20. Bd3 Qb6 21. Bxg6 fxg6 22. b3 Ng4 23. h3 g5 24. Rae1 Bf6 25. hxg4 Qxd4+ 26. Qxd4 Bxd4+ 27. Be3 Rxf1+ 28. Kxf1 Rf8+ 29. Kg1 Re8 30. Kf2 Rf8+ 31. Kg1 Re8 32. Kf2 Rf8+ 33. Kg1 1/2-1/2

[Event "Reykjavik op"]
[Site "Reykjavik"]
[Date "2024.03.20"]
[Round "8"]
[White "Prraneeth, Vuppala"]
[Black "Thorfinnsson, Bjorn"]
[Result "1-0"]
[WhiteElo "2506"]
[BlackElo "2353"]
[PlyCount "63"]
[EventDate "2024.03.15"]
[EventType "swiss"]
[EventRounds "9"]
[EventCountry "ISL"]
[SourceTitle "CB13_2024"]
[SourceDate "2024.03.27"]
[SourceVersion "1"]
[SourceVersionDate "2024.03.27"]
[SourceQuality "1"]

1. e4 e5 2. Nf3 Nf6 3. Nxe5 Nxe4 4. Qe2 Qe7 5. Qxe4 d6 6. d4 dxe5 7. dxe5 Nc6 8. Bf4 g5 9. Bd2 Bg7 10. Nc3 Bxe5 11. Nd5 Qd6 12. Bxg5 f5 13. Qf3 Bxb2 14. Rd1 Qe6+ 15. Be2 Be5 16. 0-0 0-0 17. Bc4 Kh8 18. Rfe1 Qg6 19. Bf4 Qg7 20. Qe3 Re8 21. Bh6 Qf7 22. Bf4 Qg7 23. Bh6 Qf7 24. Nb6 Qh5 25. Bf4 axb6 26. Rd8 Ra5 27. Qf3 Qg6 28. Rxe8+ Qxe8 29. Qg3 Bd7 30. Bg5 Qg6 31. Rxe5 Rxe5 32. Bf6+ 1-0

[Event "IND-ch Rapid"]
[Site "Nashik"]
[Date "2024.03.06"]
[Round "11"]
[White "Prraneeth, Vuppala"]
[Black "Mrudul, Dehankar"]
[Result "1/2-1/2"]
[WhiteElo "2416"]
[BlackElo "2050"]
[PlyCount "171"]
[EventDate "2024.03.04"]
[EventType "swiss (rapid)"]
[EventRounds "11"]
[EventCountry "IND"]
[SourceTitle "CB11_2024"]
[SourceDate "2024.03.13"]
[SourceVersion "1"]
[SourceVersionDate "2024.03.13"]
[SourceQuality "1"]

1. d4 Nf6 2. c4 e6 3. Nf3 Bb4+ 4. Bd2 Qe7 5. e3 Nc6 6. Bd3 Bxd2+ 7. Qxd2 d6 8. Nc3 e5 9. Nd5 Qd8 10. 0-0-0 0-0 11. Ng5 Nxd5 12. cxd5 Qxg5 13. dxc6 bxc6 14. h4 Qf6 15. Qc2 h6 16. Qxc6 Rb8 17. Qe4 g6 18. dxe5 dxe5 19. Bc2 Bf5 20. Qa4 Bxc2 21. Qxc2 Rb6 22. Kb1 Rfb8 23. Rd2 Rxb2+ 24. Qxb2 Qf5+ 25. Ka1 Rxb2 26. Rxb2 Qe4 27. f3 Qxe3 28. h5 g5 29. Rd1 Qc3 30. Kb1 Kg7 31. Rc2 Qb4+ 32. Ka1 c5 33. Rdc1 Qd4+ 34. Kb1 Qd3 35. Kb2 Qd4+ 36. Rc3 a5 37. a3 Kf6 38. Ka2 Qd5+ 39. Kb1 Qb7+ 40. Ka1 Qd5 41. Rxc5 Qd4+ 42. Ka2 Kg7 43. R1c2 Qd3 44. R5c3 Qd5+ 45. Rc4 Qb5 46. a4 Qd5 47. Kb2 Qd3 48. Re4 Qd5 49. Rce2 Qb7+ 50. Kc2 Qd5 51. Kc3 Qc5+ 52. Kd2 Kf6 53. R2e3 Kg7 54. Ke1 Qc2 55. Re2 Qc3+ 56. Kf2 Qc5+ 57. Kg3 Kf6 58. Kh2 Ke6 59. g3 f6 60. f4 gxf4 61. gxf4 Qc3 62. fxe5 fxe5 63. Kg2 Kf5 64. R4e3 Qc6+ 65. Kh2 e4 66. Rxe4 Qxe4 67. Rxe4 Kxe4 68. Kg3 Kf5 69. Kf3 Kg5 70. Ke4 Kxh5 71. Kf5 Kh4 72. Kf4 h5 73. Kf3 Kh3 74. Kf4 Kh4 75. Kf3 Kh3 76. Kf4 Kh4 77. Kf3 Kg5 78. Kg3 Kf5 79. Kh4 Ke4 80. Kxh5 Kd4 81. Kg4 Kc4 82. Kf3 Kb3 83. Ke2 Kxa4 84. Kd2 Kb3 85. Kc1 Ka2 86. Kc2 1/2-1/2

[Event "IND-ch Rapid"]
[Site "Nashik"]
[Date "2024.03.04"]
[Round "2"]
[White "Potawad, Anirudhha"]
[Black "Prraneeth, Vuppala"]
[Result "0-1"]
[WhiteElo "1998"]
[BlackElo "2416"]
[PlyCount "117"]
[EventDate "2024.03.04"]
[EventType "swiss (rapid)"]
[EventRounds "11"]
[EventCountry "IND"]
[SourceTitle "CB11_2024"]
[SourceDate "2024.03.13"]
[SourceVersion "1"]
[SourceVersionDate "2024.03.13"]
[SourceQuality "1"]

1. e4 c5 2. Nc3 d6 3. f4 g6 4. Nf3 Bg7 5. Bc4 Nc6 6. 0-0 e6 7. d4 cxd4 8. Nb5 a6 9. Nbxd4 Nxd4 10. Nxd4 Nf6 11. e5 Ne4 12. Qf3 d5 13. Bb3 0-0 14. Be3 b5 15. c3 f6 16. exf6 Qxf6 17. Rae1 Bb7 18. Qh3 Rae8 19. a4 b4 20. cxb4 Nd2 21. Rf2 Nc4 22. Bxc4 dxc4 23. Nf3 Qf5 24. Qxf5 exf5 25. Rfe2 Bc6 26. Bc5 Rxe2 27. Rxe2 Rd8 28. Ne5 Bxa4 29. Nxc4 Bb5 30. Rd2 Rxd2 31. Nxd2 Bxb2 32. Kf2 Kf7 33. Nf3 Ke6 34. Ng5+ Kd5 35. Nxh7 a5 36. bxa5 Kxc5 37. Nf8 Be8 38. h3 Bd4+ 39. Kf3 Kd6 40. g4 Ke7 41. Nh7 Bc6+ 42. Kg3 Bc3 43. a6 Be1+ 44. Kh2 Bf2 45. Ng5 Bb5 46. Kg2 Bb6 47. Nf3 Bxa6 48. Ne5 Bb7+ 49. Kg3 g5 50. Ng6+ Kf6 51. gxf5 Kxf5 52. Ne7+ Kf6 53. Ng8+ Kg7 54. Ne7 Bc7 55. Kg4 gxf4 56. Nf5+ Kf6 57. Nd4 Ke5 58. Nf3+ Bxf3+ 59. Kxf3 0-1

[Event "Titled Tuesday intern op 06th Feb Late"]
[Site "Chess.com INT"]
[Date "2024.02.06"]
[Round "3"]
[White "Kazmaier, Daniel"]
[Black "Prraneeth, Vuppala"]
[Result "0-1"]
[WhiteElo "2180"]
[BlackElo "2506"]
[PlyCount "90"]
[EventDate "2024.02.06"]
[EventType "swiss (blitz)"]
[EventRounds "11"]
[EventCountry "USA"]
[SourceTitle "CB07_2024"]
[SourceDate "2024.02.14"]
[SourceVersion "1"]
[SourceVersionDate "2024.02.14"]
[SourceQuality "1"]

1. d4 e6 2. e4 d5 3. Nc3 Nf6 4. Bg5 dxe4 5. Nxe4 Nbd7 6. Bd3 Be7 7. Ng3 b6 8. Nf3 Bb7 9. 0-0 h6 10. Bd2 0-0 11. Qe2 c5 12. c3 Rc8 13. a4 cxd4 14. cxd4 Nd5 15. a5 N7f6 16. axb6 Qxb6 17. Ba5 Qb3 18. Nd2 Qxb2 19. Rab1 Qxd4 20. Nf3 Qc5 21. Rxb7 Qxa5 22. Ne4 Nf4 23. Qe3 Nxd3 24. Qxd3 Nxe4 25. Rxe7 Nf6 26. h3 Rfd8 27. Qe3 Rc7 28. Rxc7 Qxc7 29. Ra1 a5 30. Qa3 Ra8 31. Nd4 a4 32. Nb5 Qc4 33. Nc3 Nd5 34. Nxd5 exd5 35. Rc1 Qb3 36. Qd6 a3 37. Qc6 Rb8 38. Re1 a2 39. Kh2 Qb2 40. Re8+ Rxe8 41. Qxe8+ Kh7 42. Qxf7 a1Q 43. Qf5+ g6 44. Qf7+ Qg7 45. Qxd5 Qae5+ 0-1

[Event "Titled Tuesday intern op 06th Feb Late"]
[Site "Chess.com INT"]
[Date "2024.02.06"]
[Round "2"]
[White "Prraneeth, Vuppala"]
[Black "Yoo, Christopher Woojin"]
[Result "0-1"]
[WhiteElo "2506"]
[BlackElo "2595"]
[PlyCount "76"]
[EventDate "2024.02.06"]
[EventType "swiss (blitz)"]
[EventRounds "11"]
[EventCountry "USA"]
[SourceTitle "CB07_2024"]
[SourceDate "2024.02.14"]
[SourceVersion "1"]
[SourceVersionDate "2024.02.14"]
[SourceQuality "1"]

1. Nf3 Nf6 2. g3 b5 3. Bg2 Bb7 4. 0-0 e6 5. a4 b4 6. c4 c5 7. b3 Be7 8. Bb2 0-0 9. d4 cxd4 10. Nbd2 Na6 11. Nxd4 Bxg2 12. Kxg2 Nc5 13. f3 Qc8 14. e4 Nd3 15. Qb1 Nxb2 16. Qxb2 d6 17. Rad1 Nd7 18. Rfe1 Bf6 19. Nf1 Nc5 20. Ne3 h5 21. Qc2 Rd8 22. h3 h4 23. Ng4 Bxd4 24. Rxd4 e5 25. Rd5 hxg3 26. Red1 Qc7 27. Qd2 Nxb3 28. Qg5 Nc5 29. Nf6+ Kf8 30. Nh7+ Ke8 31. Qxg7 Ne6 32. Qh8+ Kd7 33. Qxe5 Kc8 34. Rxd6 Rxd6 35. Rxd6 b3 36. Ng5 Qc5 37. Rxe6 Qf2+ 38. Kh1 Qh2# 0-1

[Event "Rilton Cup 51st"]
[Site "Stockholm"]
[Date "2023.12.27"]
[Round "1"]
[White "Le Goff, Ronan"]
[Black "Prraneeth, Vuppala"]
[Result "0-1"]
[WhiteElo "2287"]
[BlackElo "2515"]
[PlyCount "84"]
[EventDate "2023.12.27"]
[EventType "swiss"]
[EventRounds "9"]
[EventCountry "SWE"]
[SourceTitle "CB02_2024"]
[SourceDate "2024.01.10"]
[SourceVersion "1"]
[SourceVersionDate "2024.01.10"]
[SourceQuality "1"]

1. d4 d5 2. Nf3 e6 3. g3 b6 4. Bg2 Bb7 5. 0-0 Nd7 6. a4 c5 7. a5 Bd6 8. c4 Ngf6 9. cxd5 exd5 10. Nc3 0-0 11. Bg5 h6 12. Bxf6 Nxf6 13. e3 Re8 14. Qc2 Qd7 15. dxc5 bxc5 16. Rfd1 Rac8 17. a6 Bc6 18. h3 Qe6 19. Qd3 Red8 20. b4 d4 21. exd4 c4 22. Qc2 Nd5 23. Nxd5 Bxd5 24. Re1 Qf6 25. Ne5 Bxg2 26. Kxg2 Bxb4 27. Re4 Qe6 28. Nf3 Qc6 29. Ra4 Qb5 30. Re5 Qb6 31. Ra1 c3 32. Rb1 Rc4 33. d5 Qxa6 34. Qe2 Qc8 35. Re4 Rxe4 36. Qxe4 a5 37. Ne5 Qc5 38. Rd1 c2 39. Nxf7 cxd1Q 40. Nxh6+ gxh6 41. Qe6+ Kf8 42. Qxh6+ Ke8 0-1

[Event "Sant Boi de Llobregat op 4th"]
[Site "Sant Boi de Llobregat"]
[Date "2023.12.02"]
[Round "3"]
[White "Levin, Guy"]
[Black "Prraneeth, Vuppala"]
[Result "1-0"]
[WhiteElo "2404"]
[BlackElo "2515"]
[PlyCount "67"]
[EventDate "2023.11.30"]
[EventType "swiss"]
[EventRounds "9"]
[EventCountry "ESP"]
[SourceTitle "CB50_2023"]
[SourceDate "2023.12.13"]
[SourceVersion "1"]
[SourceVersionDate "2023.12.13"]
[SourceQuality "1"]

1. Nf3 d5 2. e3 Nd7 3. c4 e6 4. Nc3 Ngf6 5. b3 a6 6. Bb2 Bd6 7. Qc2 0-0 8. Rg1 dxc4 9. bxc4 b5 10. cxb5 axb5 11. Bxb5 Bb7 12. Ke2 Qe7 13. a4 e5 14. d3 c6 15. Bc4 Nb6 16. Nd2 Rfd8 17. g4 Nxc4 18. Nxc4 Qe6 19. g5 Nd7 20. Ne4 Be7 21. Ba3 Ba6 22. Bxe7 Qxe7 23. Ncd6 Rab8 24. Qa2 Rb4 25. Nf5 Qf8 26. Ned6 g6 27. Nxf7 Rdb8 28. Nxe5+ Kh8 29. Nf7+ Kg8 30. N5h6+ Kg7 31. Rab1 Bxd3+ 32. Kxd3 Rxa4 33. Qc2 Nc5+ 34. Ke2 1-0

[Event "Figueira da Foz op 17th"]
[Site "Figueira da Foz"]
[Date "2023.11.12"]
[Round "9"]
[White "Bernadskiy, Vitaliy"]
[Black "Prraneeth, Vuppala"]
[Result "1/2-1/2"]
[WhiteElo "2546"]
[BlackElo "2512"]
[PlyCount "53"]
[EventDate "2023.11.05"]
[EventType "swiss"]
[EventRounds "9"]
[EventCountry "POR"]
[SourceTitle "CB46_2023"]
[SourceDate "2023.11.15"]
[SourceVersion "1"]
[SourceVersionDate "2023.11.15"]
[SourceQuality "1"]

1. Nf3 d5 2. e3 Nf6 3. c4 e6 4. Nc3 c5 5. cxd5 exd5 6. d4 Nc6 7. Bb5 cxd4 8. exd4 Bd6 9. Bg5 0-0 10. 0-0 Bg4 11. Be2 Be7 12. Re1 h6 13. Bh4 Ne4 14. Bxe7 Nxc3 15. bxc3 Qxe7 16. h3 Bh5 17. Rb1 b6 18. g4 Bg6 19. Bd3 Qd6 20. Ne5 Bxd3 21. Qxd3 Rac8 22. Re3 Nxe5 23. dxe5 Qa3 24. Qxd5 Rxc3 25. Rbe1 Qc5 26. Qd7 Qc7 27. Qxc7 1/2-1/2

[Event "Figueira da Foz op 17th"]
[Site "Figueira da Foz"]
[Date "2023.11.10"]
[Round "7"]
[White "Prraneeth, Vuppala"]
[Black "Lalith, Babu MR"]
[Result "1/2-1/2"]
[WhiteElo "2512"]
[BlackElo "2533"]
[PlyCount "83"]
[EventDate "2023.11.05"]
[EventType "swiss"]
[EventRounds "9"]
[EventCountry "POR"]
[SourceTitle "CB46_2023"]
[SourceDate "2023.11.15"]
[SourceVersion "1"]
[SourceVersionDate "2023.11.15"]
[SourceQuality "1"]

1. e4 e5 2. Nf3 Nc6 3. Bc4 Bc5 4. d3 Nf6 5. Nc3 d6 6. Na4 Bb6 7. a3 Be6 8. Bxe6 fxe6 9. 0-0 0-0 10. c3 Qe8 11. b4 h6 12. h3 Nh5 13. Ra2 Qg6 14. Re1 Nf4 15. Bxf4 Rxf4 16. Nh2 Raf8 17. Nxb6 axb6 18. a4 Qf7 19. Qe2 Qg6 20. g3 h5 21. Kg2 R4f7 22. Qd1 Ne7 23. Re3 h4 24. Rf3 Qh5 25. Qe2 hxg3 26. fxg3 Ra8 27. Qe3 Rf6 28. Raf2 Raf8 29. Qe2 Qg5 30. Qa2 d5 31. h4 Qc1 32. Qc2 Qxc2 33. Rxc2 Ra8 34. Ra2 b5 35. a5 Nc6 36. Rb2 Kf7 37. Ng4 Rxf3 38. Kxf3 Ke7 39. Ke2 Kd6 40. Nh2 b6 41. axb6 cxb6 42. Nf3 1/2-1/2

[Event "Figueira da Foz op 17th"]
[Site "Figueira da Foz"]
[Date "2023.11.07"]
[Round "4"]
[White "Petkov, Vladimir"]
[Black "Prraneeth, Vuppala"]
[Result "0-1"]
[WhiteElo "2408"]
[BlackElo "2512"]
[PlyCount "58"]
[EventDate "2023.11.05"]
[EventType "swiss"]
[EventRounds "9"]
[EventCountry "POR"]
[SourceTitle "CB46_2023"]
[SourceDate "2023.11.15"]
[SourceVersion "1"]
[SourceVersionDate "2023.11.15"]
[SourceQuality "1"]

1. d4 Nf6 2. c4 e6 3. Nc3 Bb4 4. Nf3 d5 5. e3 0-0 6. a3 Bxc3+ 7. bxc3 c5 8. Qc2 Qc7 9. cxd5 exd5 10. c4 cxd4 11. Nxd4 Nc6 12. Bb2 Ne4 13. Nxc6 bxc6 14. Bd3 Qa5+ 15. Ke2 Ba6 16. cxd5 cxd5 17. Rhc1 Rac8 18. Qd1 Nc5 19. Bxa6 Qxa6+ 20. Kf3 Qg6 21. Qxd5 h5 22. g3 Rfd8 23. Qxd8+ Rxd8 24. Rxc5 Qg4+ 25. Kg2 h4 26. Bd4 h3+ 27. Kf1 Rc8 28. Rxc8+ Qxc8 29. Bxa7 Qa6+ 0-1

[Event "Figueira da Foz op 17th"]
[Site "Figueira da Foz"]
[Date "2023.11.06"]
[Round "2"]
[White "Rajesh, VAV"]
[Black "Prraneeth, Vuppala"]
[Result "0-1"]
[WhiteElo "2310"]
[BlackElo "2512"]
[PlyCount "90"]
[EventDate "2023.11.05"]
[EventType "swiss"]
[EventRounds "9"]
[EventCountry "POR"]
[SourceTitle "CB46_2023"]
[SourceDate "2023.11.15"]
[SourceVersion "1"]
[SourceVersionDate "2023.11.15"]
[SourceQuality "1"]

1. d4 Nf6 2. c4 e6 3. Nc3 Bb4 4. Bd2 0-0 5. Nf3 d5 6. e3 b6 7. Rc1 Bb7 8. cxd5 exd5 9. Bd3 Re8 10. 0-0 Bf8 11. Ne5 c5 12. Bb5 Nbd7 13. f4 a6 14. Be2 b5 15. Be1 Rc8 16. Bh4 Be7 17. Bf3 cxd4 18. exd4 Nb6 19. f5 Nc4 20. Nxc4 Rxc4 21. b3 Rc8 22. Qd3 Ne4 23. Bxe7 Rxe7 24. Ne2 h6 25. Rxc8 Qxc8 26. Bxe4 dxe4 27. Qe3 f6 28. Ng3 Qc2 29. Rc1 Qxa2 30. Nh5 Qa5 31. d5 Qd8 32. Qg3 Rd7 33. Kh1 Bxd5 34. Rd1 Qe7 35. Rc1 Bb7 36. h3 Qe5 37. Qg6 Rf7 38. Rd1 Bd5 39. Rc1 Bb7 40. Rd1 Qc7 41. Nxg7 Rxg7 42. Qe8+ Kh7 43. Rd8 Qc1+ 44. Kh2 Qf4+ 45. Kg1 Rxg2+ 0-1

[Event "Cap d'Agde op 21st"]
[Site "Cap d'Agde"]
[Date "2023.10.29"]
[Round "3"]
[White "Prraneeth, Vuppala"]
[Black "Silva, David Miguel Da"]
[Result "1-0"]
[WhiteElo "2510"]
[BlackElo "2347"]
[PlyCount "85"]
[EventDate "2023.10.28"]
[EventType "swiss"]
[EventRounds "9"]
[EventCountry "FRA"]
[SourceTitle "Mega2024 Update 01"]
[Source "Chessbase"]
[SourceDate "2023.11.12"]
[SourceVersion "1"]
[SourceVersionDate "2023.11.12"]
[SourceQuality "1"]

1. d4 Nf6 2. c4 g6 3. Nc3 Bg7 4. e4 d6 5. Nge2 0-0 6. Ng3 e5 7. d5 h5 8. h4 c6 9. Be2 cxd5 10. cxd5 Nbd7 11. Bg5 Qb6 12. Qd2 Nc5 13. Rb1 Ng4 14. Bxg4 Bxg4 15. b4 Na6 16. Be3 Qd8 17. 0-0 Bd7 18. Bg5 Bf6 19. Rfc1 Rc8 20. a4 Bxg5 21. Qxg5 Qxg5 22. hxg5 h4 23. Nf1 Rc4 24. Ne3 Rxb4 25. Rxb4 Nxb4 26. Rb1 a5 27. Nc4 Rc8 28. Nxa5 Nd3 29. Nb5 Rc2 30. Nxd6 Nxf2 31. Nac4 Ng4 32. Nb6 Bxa4 33. Nxa4 Ne3 34. Nxb7 Rxg2+ 35. Kh1 Rd2 36. Rb2 Rd1+ 37. Kh2 Rd3 38. Nac5 Ng4+ 39. Kg1 Rd4 40. Kg2 Rd1 41. Re2 f5 42. d6 f4 43. d7 1-0

[Event "Qatar Masters op"]
[Site "Doha"]
[Date "2023.10.20"]
[Round "9"]
[White "Jumabayev, Rinat"]
[Black "Prraneeth, Vuppala"]
[Result "1-0"]
[WhiteElo "2585"]
[BlackElo "2510"]
[PlyCount "87"]
[EventDate "2023.10.11"]
[EventType "swiss"]
[EventRounds "9"]
[EventCountry "QAT"]
[SourceTitle "Mega2024 Update 01"]
[Source "Chessbase"]
[SourceDate "2023.11.12"]
[SourceVersion "1"]
[SourceVersionDate "2023.11.12"]
[SourceQuality "1"]

1. e4 c5 2. c3 Nf6 3. e5 Nd5 4. Nf3 d6 5. d4 cxd4 6. Qxd4 e6 7. exd6 Qxd6 8. Be2 Nc6 9. Qh4 Be7 10. Qg3 0-0 11. Qxd6 Bxd6 12. 0-0 Rd8 13. Re1 h6 14. Nbd2 e5 15. Bc4 Be6 16. Bb3 f6 17. Ne4 Be7 18. Ng3 Rac8 19. h4 b5 20. Bc2 Nb6 21. a3 Na5 22. h5 Nb3 23. Rb1 Nxc1 24. Rbxc1 Nc4 25. Bf5 Bxf5 26. Nxf5 Kf7 27. Rc2 Bc5 28. Kf1 Rd5 29. Re4 Rd1+ 30. Ke2 Rb1 31. a4 a6 32. Rg4 Bf8 33. Nd2 Rh1 34. axb5 axb5 35. Nxc4 Rxc4 36. Rxc4 bxc4 37. g4 Rg1 38. Kf3 e4+ 39. Kf4 Ke6 40. Rd2 Re1 41. Rd4 Rb1 42. Rxe4+ Kf7 43. Re2 Bc5 44. Rd2 1-0

[Event "Qatar Masters op"]
[Site "Doha"]
[Date "2023.10.15"]
[Round "5"]
[White "Tan, Jun Ying"]
[Black "Prraneeth, Vuppala"]
[Result "1/2-1/2"]
[WhiteElo "2250"]
[BlackElo "2510"]
[PlyCount "77"]
[EventDate "2023.10.11"]
[EventType "swiss"]
[EventRounds "9"]
[EventCountry "QAT"]
[SourceTitle "Mega2024 Update 01"]
[Source "Chessbase"]
[SourceDate "2023.11.12"]
[SourceVersion "1"]
[SourceVersionDate "2023.11.12"]
[SourceQuality "1"]

1. d4 Nf6 2. c4 e6 3. Nc3 Bb4 4. e3 0-0 5. Nge2 Re8 6. a3 Bf8 7. Ng3 d5 8. Be2 b6 9. 0-0 Ba6 10. b3 c5 11. dxc5 bxc5 12. cxd5 Bxe2 13. Ngxe2 exd5 14. Nf4 d4 15. exd4 cxd4 16. Nce2 Nc6 17. Bb2 Qb6 18. Rc1 Rad8 19. Nd3 Ne4 20. b4 Ne7 21. Qa4 Nf5 22. Ng3 Nfxg3 23. hxg3 g6 24. Rfe1 Qb8 25. Qc6 Rc8 26. Qd5 Rcd8 27. Qc6 Re6 28. Qc7 Bg7 29. Qxb8 Rxb8 30. Rc7 a6 31. f3 Nxg3 32. Rxe6 fxe6 33. Nc5 a5 34. Rxg7+ Kxg7 35. Bxd4+ Kf7 36. Be5 Rb6 37. Bxg3 axb4 38. axb4 Rxb4 39. Ne4 1/2-1/2

[Event "Qatar Masters op"]
[Site "Doha"]
[Date "2023.10.13"]
[Round "3"]
[White "Paravyan, David"]
[Black "Prraneeth, Vuppala"]
[Result "1/2-1/2"]
[WhiteElo "2599"]
[BlackElo "2510"]
[PlyCount "57"]
[EventDate "2023.10.11"]
[EventType "swiss"]
[EventRounds "9"]
[EventCountry "QAT"]
[SourceTitle "Mega2024 Update 01"]
[Source "Chessbase"]
[SourceDate "2023.11.12"]
[SourceVersion "1"]
[SourceVersionDate "2023.11.12"]
[SourceQuality "1"]

1. Nf3 c5 2. c4 Nc6 3. Nc3 Nf6 4. g3 d5 5. d4 cxd4 6. Nxd4 dxc4 7. Nxc6 Qxd1+ 8. Nxd1 bxc6 9. Bg2 Nd5 10. Ne3 e6 11. Nxc4 Ba6 12. b3 Bb4+ 13. Bd2 Ke7 14. Rc1 Rac8 15. Bxb4+ Nxb4 16. a3 Nd5 17. 0-0 c5 18. Rc2 Bxc4 19. Rxc4 Nb6 20. Rc3 c4 21. Bb7 Rb8 22. Ba6 cxb3 23. Rxb3 Na4 24. Rxb8 Rxb8 25. Rc1 Kd6 26. Rd1+ Ke7 27. Rc1 Kd6 28. Rd1+ Ke7 29. Rc1 1/2-1/2

[Event "Abu Dhabi op 29th"]
[Site "Abu Dhabi"]
[Date "2023.08.21"]
[Round "6"]
[White "Prraneeth, Vuppala"]
[Black "Xie, Kaifan"]
[Result "1-0"]
[WhiteElo "2485"]
[BlackElo "2369"]
[PlyCount "67"]
[EventDate "2023.08.16"]
[EventType "swiss"]
[EventRounds "9"]
[EventCountry "UAE"]
[SourceTitle "EXT 2024"]
[Source "ChessBase"]
[SourceDate "2023.10.10"]
[SourceVersion "1"]
[SourceVersionDate "2023.10.10"]
[SourceQuality "1"]

1. e4 c6 2. d4 d5 3. e5 Bf5 4. h4 h5 5. Bd3 Bxd3 6. Qxd3 Qa5+ 7. b4 Qxb4+ 8. Nd2 e6 9. Rb1 Qe7 10. Ne2 b5 11. a4 a6 12. Nf3 Qc7 13. 0-0 Ne7 14. Ba3 Nd7 15. Bd6 Qd8 16. Nf4 Nf5 17. Ng5 Bxd6 18. Nfxe6 fxe6 19. Nxe6 Qxh4 20. Qxf5 Ke7 21. Nf4 Rh6 22. Ng6+ Rxg6 23. Qxg6 Nxe5 24. Qxg7+ Ke6 25. f4 Rf8 26. Rbe1 Rf7 27. Rxe5+ Bxe5 28. Qxe5+ Kd7 29. axb5 Qg4 30. bxc6+ Kxc6 31. Rf3 Qd7 32. Rc3+ Kb7 33. Rb3+ Kc6 34. Qb8 1-0